[Event "BCF-chTa 1920 (4NCL)"]
[Site "Daventry"]
[Date "2020.02.09"]
[Round "6.12"]
[White "Tan, Justin Hy"]
[Black "Sadler, Matthew D"]
[Result "0-1"]
[WhiteElo "2511"]
[BlackElo "2692"]
[PlyCount "82"]
[EventDate "2019.11.09"]
[EventType "team-tourn"]
[EventRounds "11"]
[EventCountry "ENG"]
[SourceTitle "CBM 194 Extra"]
[Source "ChessBase"]
[SourceDate "2020.03.31"]
[SourceVersion "1"]
[SourceVersionDate "2020.03.31"]
[SourceQuality "1"]
[WhiteTeam "Wood Green"]
[BlackTeam "Guildford"]
[WhiteTeamCountry "ENG"]
[BlackTeamCountry "ENG"]

1. e4 e6 2. d4 d5 3. Nd2 h6 4. Ngf3 Nf6 5. e5 Nfd7 6. Bd3 c5 7. c4 dxc4 8. Nxc4 Nc6 9. 0-0 cxd4 10. Bf4 Nc5 11. Rc1 Nxd3 12. Qxd3 Qd5 13. Rfd1 Bd7 14. a3 Be7 15. b4 0-0 16. Qb1 Qb5 17. Nxd4 Nxd4 18. Rxd4 Rac8 19. Qd3 Rfd8 20. Qg3 Kh8 21. Qe3 Be8 22. Rxd8 Rxd8 23. Nd6 Bxd6 24. exd6 Qd5 25. f3 Bc6 26. Rc5 Qd1+ 27. Kf2 a6 28. Bxh6 Rxd6 29. Rh5 Qc2+ 30. Kg3 Qg6+ 31. Kh4 Rd5 32. Bg5+ Kg8 33. g4 Qc2 34. h3 Qh2 35. Qa7 f6 36. Bxf6 Rxh5+ 37. Kxh5 Be8+ 38. Kg5 Qd2+ 39. f4 Qd5+ 40. f5 Qd2+ 41. Kh4 gxf6 0-1

[Event "Haarlem Nova College op 16th"]
[Site "Haarlem"]
[Date "2019.06.30"]
[Round "5"]
[White "Sadler, Matthew D"]
[Black "Tabak, Stefan"]
[Result "1-0"]
[WhiteElo "2692"]
[BlackElo "2183"]
[PlyCount "62"]
[EventDate "2019.06.28"]
[EventType "swiss"]
[EventRounds "6"]
[EventCountry "NED"]
[SourceTitle "CBM 191 Extra"]
[Source "ChessBase"]
[SourceDate "2019.09.30"]
[SourceVersion "1"]
[SourceVersionDate "2019.09.30"]
[SourceQuality "1"]

1. e4 c5 2. Nf3 Nc6 3. Bb5 g6 4. Bxc6 dxc6 5. d3 Bg7 6. h3 e5 7. 0-0 Qc7 8. a3 Nf6 9. b4 cxb4 10. axb4 0-0 11. Nbd2 Re8 12. Bb2 b5 13. Nb3 Nd7 14. Ra5 a6 15. c4 c5 16. cxb5 cxb4 17. Qd2 Qd6 18. Rc1 Bb7 19. Rc4 Bf8 20. Qe3 axb5 21. Rxb5 Bc6 22. Rbxb4 Qe6 23. Nbd4 exd4 24. Nxd4 Qd6 25. Nxc6 Rec8 26. Rb7 Nc5 27. Rxc5 Qxc5 28. Qf4 f5 29. exf5 Rxc6 30. fxg6 Ra1+ 31. Kh2 Qd6 1-0

[Event "Haarlem Nova College op 16th"]
[Site "Haarlem"]
[Date "2019.06.29"]
[Round "3"]
[White "Sadler, Matthew D"]
[Black "Arnaudov, Petar G"]
[Result "1/2-1/2"]
[WhiteElo "2692"]
[BlackElo "2478"]
[PlyCount "69"]
[EventDate "2019.06.28"]
[EventType "swiss"]
[EventRounds "6"]
[EventCountry "NED"]
[SourceTitle "CBM 191 Extra"]
[Source "ChessBase"]
[SourceDate "2019.09.30"]
[SourceVersion "1"]
[SourceVersionDate "2019.09.30"]
[SourceQuality "1"]

1. c4 Nf6 2. Nc3 e6 3. e4 e5 4. Nf3 Nc6 5. Be2 Bb4 6. d3 0-0 7. 0-0 Re8 8. Nd5 Nxd5 9. cxd5 Nb8 10. d4 exd4 11. Qxd4 c5 12. Qc4 d6 13. a3 Ba5 14. Bg5 f6 15. Bh4 Nd7 16. Qc2 Nf8 17. Bg3 Ng6 18. Bd3 Bg4 19. Nh4 Nxh4 20. Bxh4 h6 21. Kh1 a6 22. a4 Bd7 23. f4 b5 24. e5 dxe5 25. Bh7+ Kh8 26. Bg6 Re7 27. d6 Re6 28. Rad1 exf4 29. Bf7 Re5 30. Rxf4 Be8 31. Ba2 g5 32. d7 Bh5 33. Bb1 Qe7 34. Rdf1 Rf8 35. Rf5 1/2-1/2

[Event "Haarlem Nova College op 16th"]
[Site "Haarlem"]
[Date "2019.06.29"]
[Round "4"]
[White "Zwirs, Nico"]
[Black "Sadler, Matthew D"]
[Result "1/2-1/2"]
[WhiteElo "2387"]
[BlackElo "2692"]
[PlyCount "76"]
[EventDate "2019.06.28"]
[EventType "swiss"]
[EventRounds "6"]
[EventCountry "NED"]
[SourceTitle "CBM 191 Extra"]
[Source "ChessBase"]
[SourceDate "2019.09.30"]
[SourceVersion "1"]
[SourceVersionDate "2019.09.30"]
[SourceQuality "1"]

1. e4 e6 2. d4 d5 3. Nc3 Nf6 4. e5 Nfd7 5. f4 c5 6. Nf3 Nc6 7. Be3 a6 8. Ne2 Be7 9. c3 0-0 10. g3 b5 11. h4 a5 12. Qc2 f5 13. Ng5 Nb6 14. dxc5 Nc4 15. Bf2 h6 16. Nf3 Bd7 17. Bg2 b4 18. 0-0 Qb8 19. Nd2 Nxd2 20. Qxd2 Qa7 21. cxb4 axb4 22. Rfc1 Rfc8 23. b3 Qb7 24. Rc2 Ra5 25. Rac1 Rca8 26. Nd4 h5 27. Bf1 Nxd4 28. Bxd4 Bc6 29. Be2 g6 30. Bf1 Kf7 31. Bd3 R8a7 32. Bf1 Bd8 33. Rb1 Ra3 34. Bd3 Qb8 35. Bf1 Qb7 36. Kh1 Qb8 37. Kg1 Qb7 38. Kh1 Qb8 1/2-1/2

[Event "BCF-chT1c 1819 (4NCL) Promotion pool"]
[Site "England"]
[Date "2019.05.06"]
[Round "11.11"]
[White "Rapport, Richard"]
[Black "Sadler, Matthew D"]
[Result "1/2-1/2"]
[WhiteElo "2736"]
[BlackElo "2688"]
[PlyCount "53"]
[EventDate "2018.11.10"]
[EventType "team-tourn"]
[EventRounds "11"]
[EventCountry "ENG"]
[SourceTitle "CBM 190 Extra"]
[Source "ChessBase"]
[SourceDate "2019.07.15"]
[SourceVersion "1"]
[SourceVersionDate "2019.07.15"]
[SourceQuality "1"]
[WhiteTeam "Manx Liberty"]
[BlackTeam "Guildford"]
[WhiteTeamCountry "ENG"]
[BlackTeamCountry "ENG"]

1. Nf3 Nf6 2. g3 d5 3. Bg2 c5 4. 0-0 e6 5. c4 d4 6. e3 Nc6 7. exd4 cxd4 8. d3 Bd6 9. Nbd2 0-0 10. Ng5 Bd7 11. f4 h6 12. Nge4 Nxe4 13. Nxe4 Be7 14. Re1 a5 15. Bd2 f5 16. Nf2 a4 17. Rb1 Bd6 18. Re2 Qc7 19. Rc1 b6 20. b4 axb3 21. axb3 Ra2 22. Rb1 Rfa8 23. b4 R8a4 24. Be1 Kh7 25. Rxa2 Rxa2 26. Qb3 Qa7 27. Rc1 1/2-1/2

[Event "BCF-chT1a 1819 (4NCL)"]
[Site "England"]
[Date "2019.02.10"]
[Round "6.13"]
[White "Camacho Collados, Jose"]
[Black "Sadler, Matthew D"]
[Result "0-1"]
[WhiteElo "2401"]
[BlackElo "2693"]
[PlyCount "160"]
[EventDate "2018.11.10"]
[EventType "team-tourn"]
[EventRounds "7"]
[EventCountry "ENG"]
[SourceTitle "CBM 188 Extra"]
[Source "ChessBase"]
[SourceDate "2019.02.26"]
[SourceVersion "1"]
[SourceVersionDate "2019.02.26"]
[SourceQuality "1"]
[WhiteTeam "White Rose"]
[BlackTeam "Guildford"]
[WhiteTeamCountry "ENG"]
[BlackTeamCountry "ENG"]

1. Nf3 d5 2. g3 Bg4 3. Bg2 Nd7 4. d4 e6 5. 0-0 c6 6. c3 Bd6 7. Qb3 Rb8 8. e4 Ne7 9. c4 0-0 10. Nc3 dxc4 11. Qxc4 b5 12. Qd3 b4 13. Na4 Qa5 14. b3 Rfd8 15. Nd2 Qh5 16. Qe3 c5 17. Bb2 cxd4 18. Qxd4 Ne5 19. f4 N7c6 20. Qe3 Nd3 21. e5 Bc7 22. Nc4 Nxb2 23. Naxb2 Nd4 24. Rf2 Rd7 25. Nd3 Bd8 26. Nc5 Nf5 27. Qe1 Rd4 28. Na6 Rb5 29. Nxb4 Be7 30. Nc6 Bc5 31. Nxd4 Bxd4 32. Rc1 g5 33. Nd6 Rb8 34. Ne4 Qg6 35. Nf6+ Kh8 36. fxg5 Qxg5 37. Nxg4 Qxg4 38. Qe4 Qg5 39. Qf4 Qg7 40. g4 Rg8 41. Rc4 Bxe5 42. Qf3 Nd6 43. Rc6 f5 44. Qd1 Qh6 45. h3 fxg4 46. hxg4 Ne8 47. Kf1 Ng7 48. Qc1 Qg6 49. Qe3 Bb8 50. Qe4 Qg5 51. Qc4 Qd8 52. Qc2 Be5 53. Rf7 Qe8 54. Rf3 Qd7 55. Rc5 Bd6 56. Rc4 Be5 57. Rc5 Bd6 58. Qd3 Qe7 59. Rc6 Be5 60. Qe4 Qd7 61. Rc5 Bd4 62. Rc4 Bb6 63. Qc2 Rd8 64. Rh3 Rf8+ 65. Bf3 h5 66. Kg2 Kg8 67. Re4 Rc8 68. Qe2 Rc5 69. Rc4 Rg5 70. Qc2 Nf5 71. Rc8+ Kf7 72. Kh1 Qd4 73. Qd1 hxg4 74. Rh7+ Kg6 75. Rg8+ Kxh7 76. Rxg5 gxf3 77. Rh5+ Kg6 78. Qxd4 Bxd4 79. Rh3 f2 80. Kg2 e5 0-1

[Event "BCF-chT1c 1718 (4NCL) Promotion pool"]
[Site "England"]
[Date "2018.05.06"]
[Round "10.12"]
[White "McDonald, Neil R"]
[Black "Sadler, Matthew D"]
[Result "0-1"]
[WhiteElo "2407"]
[BlackElo "2687"]
[PlyCount "104"]
[EventDate "2017.01.11"]
[EventType "team-swiss"]
[EventRounds "11"]
[EventCountry "ENG"]
[SourceTitle "EXT 2019"]
[Source "ChessBase"]
[SourceDate "2018.10.10"]
[SourceVersion "1"]
[SourceVersionDate "2018.10.10"]
[SourceQuality "1"]
[WhiteTeam "Wood Green"]
[BlackTeam "Guildford"]
[WhiteTeamCountry "ENG"]
[BlackTeamCountry "ENG"]

1. e4 e6 2. d4 d5 3. Nd2 Be7 4. Ngf3 Nf6 5. e5 Nfd7 6. Bd3 c5 7. c3 Nc6 8. 0-0 g5 9. dxc5 Ndxe5 10. Nxe5 Nxe5 11. Nb3 Nxd3 12. Qxd3 f6 13. c4 a5 14. Be3 a4 15. Nc1 0-0 16. b4 axb3 17. Nxb3 Ra4 18. cxd5 Qxd5 19. Qxd5 exd5 20. Rfd1 Rd8 21. Rd4 Ra3 22. Rb4 Rd7 23. h4 Rc7 24. hxg5 fxg5 25. Bd4 Kf7 26. Rb6 Ra4 27. Bb2 Rc6 28. Rb5 Re6 29. Nd4 Re4 30. c6 bxc6 31. Nxc6 Bd7 32. Rb6 Bxc6 33. Rxc6 Re2 34. Rb6 Bc5 35. Rb7+ Ke6 36. Rc1 Rc4 37. Rxc4 dxc4 38. Rb5 Kd6 39. Bg7 Kc6 40. Rb2 Bxf2+ 41. Kf1 Rxb2 42. Bxb2 Bg3 43. a4 g4 44. Ke2 h5 45. Ke3 Kd5 46. Bc3 Be5 47. Be1 c3 48. Kd3 g3 49. Bxg3 Bxg3 50. Kxc3 Ke4 51. Kd2 Bf2 52. Ke2 Bc5 0-1

[Event "GBR-ch KO"]
[Site "London"]
[Date "2017.12.03"]
[Round "2.3"]
[White "Sadler, Matthew D"]
[Black "Howell, David"]
[Result "1/2-1/2"]
[WhiteElo "2685"]
[BlackElo "2676"]
[PlyCount "80"]
[EventDate "2017.12.01"]
[EventType "k.o."]
[EventRounds "3"]
[EventCountry "ENG"]
[SourceTitle "CBM 182"]
[Source "ChessBase"]
[SourceDate "2018.01.17"]
[SourceVersion "1"]
[SourceVersionDate "2018.01.17"]
[SourceQuality "1"]

1. d4 Nf6 2. c4 e6 3. Nc3 Bb4 4. Nf3 c5 5. g3 Nc6 6. Bg2 Ne4 7. Bd2 Nxd2 8. Qxd2 cxd4 9. Nxd4 0-0 10. 0-0 Ne5 11. b3 a6 12. Rfd1 Rb8 13. Nc2 Be7 14. Ne4 b5 15. c5 Qc7 16. Rac1 f5 17. Nd6 Qxc5 18. Nb4 Qb6 19. Qd4 Qxd4 20. Rxd4 a5 21. Nd3 Bxd6 22. Rxd6 Nf7 23. Rd4 d5 24. f4 b4 25. Rc5 Ra8 26. a3 Ba6 27. axb4 Bxd3 28. Rxd3 axb4 29. Rc6 Nd8 30. Rb6 Rf7 31. Rxb4 Rc7 32. Kf2 Kf8 33. g4 g6 34. gxf5 gxf5 35. Rh3 Nc6 36. Rb6 Rb8 37. Rxb8+ Nxb8 38. b4 Rb7 39. Rh6 Rxb4 40. Rxe6 Rxf4+ 1/2-1/2

[Event "Haarlem Nova College op 15th"]
[Site "Haarlem"]
[Date "2017.07.01"]
[Round "4"]
[White "Sadler, Matthew D"]
[Black "Klapwijk, Bram"]
[Result "1-0"]
[WhiteElo "2684"]
[BlackElo "2201"]
[PlyCount "69"]
[EventDate "2017.06.30"]
[EventType "swiss"]
[EventRounds "6"]
[EventCountry "NED"]
[SourceTitle "CBM 179 Extra"]
[Source "ChessBase"]
[SourceDate "2017.08.23"]
[SourceVersion "1"]
[SourceVersionDate "2017.08.23"]
[SourceQuality "1"]

1. e4 e6 2. d3 d5 3. Nd2 c5 4. g3 Nc6 5. Bg2 g6 6. Ngf3 Bg7 7. 0-0 Nge7 8. Re1 b6 9. c3 a5 10. a4 Ba6 11. exd5 exd5 12. Nb1 0-0 13. Na3 Qd7 14. Bf4 Rae8 15. Qb3 Nc8 16. Nb5 Rxe1+ 17. Rxe1 h6 18. h4 Nd8 19. Ne5 Qf5 20. Bf3 Re8 21. Bg4 Rxe5 22. Rxe5 Qxg4 23. Re8+ Kh7 24. Rxd8 Ne7 25. Re8 Nf5 26. Qxd5 Nxh4 27. Re3 Bc8 28. Nd6 Be6 29. Qe4 Nf5 30. Nxf5 Bxf5 31. Qf3 Qh3 32. Qh1 Qg4 33. f3 Qh3 34. Qxh3 Bxh3 35. g4 1-0

[Event "Maastricht Limburg op-A 11th"]
[Site "Maastricht"]
[Date "2017.06.03"]
[Round "2"]
[White "Sadler, Matthew D"]
[Black "Klein, Felix"]
[Result "1/2-1/2"]
[WhiteElo "2684"]
[BlackElo "2323"]
[PlyCount "228"]
[EventDate "2017.06.02"]
[EventType "swiss"]
[EventRounds "7"]
[EventCountry "NED"]
[SourceTitle "CBM 178 Extra"]
[Source "ChessBase"]
[SourceDate "2017.06.22"]
[SourceVersion "1"]
[SourceVersionDate "2017.06.22"]
[SourceQuality "1"]

1. e4 c5 2. Nf3 e6 3. d3 Nc6 4. g3 Nf6 5. Bg2 Be7 6. 0-0 0-0 7. Re1 d5 8. Nbd2 b5 9. e5 Ne8 10. Nb3 a5 11. Be3 Qb6 12. a3 a4 13. Nbd2 b4 14. h4 bxa3 15. bxa3 Nc7 16. c4 Ba6 17. Qxa4 Bb7 18. Qc2 Rfb8 19. Rec1 d4 20. Bf4 Ra6 21. Ne1 Qa7 22. Qd1 Nd8 23. Bxb7 Rxb7 24. Nc2 Na8 25. Ne4 Nb6 26. Rcb1 Nd7 27. Rxb7 Qxb7 28. Rb1 Rb6 29. Rxb6 Qxb6 30. Ne1 Qa5 31. Qc1 Nc6 32. Nf3 Qa4 33. Qb1 Qxa3 34. Qb7 Ndb8 35. Bg5 Bf8 36. Bd2 h6 37. Ne1 Qa7 38. Qxa7 Nxa7 39. h5 Nac6 40. f4 Na6 41. Kf2 Be7 42. Ke2 Kf8 43. g4 Nab8 44. Nc2 Nd7 45. Na1 f6 46. exf6 Nxf6 47. Kf3 Nb8 48. Nb3 Nbd7 49. Ng3 Kf7 50. Bc1 Bd6 51. Ba3 g6 52. hxg6+ Kxg6 53. Nxd4 Bxf4 54. Nxe6 Bxg3 55. Kxg3 h5 56. gxh5+ Nxh5+ 57. Kf3 Kf5 58. Nxc5 Ne5+ 59. Ke3 Nf4 60. Kd4 Ne2+ 61. Ke3 Nf4 62. Bb4 Nfxd3 63. Nxd3 Nxc4+ 64. Kd4 Nb6 65. Nc5 Nc8 66. Nb7 Ke6 67. Nc5+ Kd6 68. Nd3+ Kc7 69. Ne5 Kb7 70. Kc5 Nb6 71. Ba5 Nc8 72. Bd8 Na7 73. Nf7 Nc8 74. Ne5 Na7 75. Nc4 Nc8 76. Ba5 Ka6 77. Bc7 Kb7 78. Bd8 Ka6 79. Na5 Na7 80. Bb6 Nc8 81. Bc7 Na7 82. Bd8 Nc8 83. Nc4 Kb7 84. Bg5 Ka6 85. Bf4 Kb7 86. Na5+ Ka6 87. Nc6 Kb7 88. Nd8+ Ka6 89. Bc7 Na7 90. Bb8 Nc8 91. Nc6 Kb7 92. Be5 Nb6 93. Kb5 Nc8 94. Nd8+ Ka7 95. Bd4+ Kb8 96. Kc6 Na7+ 97. Kd7 Ka8 98. Bc5 Kb8 99. Bb6 Ka8 100. Bc7 Nb5 101. Be5 Ka7 102. Kc6 Ka6 103. Kc5 Na7 104. Bc7 Nb5 105. Bb8 Na7 106. Ne6 Kb7 107. Bf4 Nc8 108. Nd8+ Ka6 109. Nc6 Kb7 110. Bd2 Na7 111. Nd8+ Ka6 112. Kd6 Nb5+ 113. Kc6 Na7+ 114. Kc5 Nc8 1/2-1/2

[Event "BCF-chT1b 1617 (4NCL)"]
[Site "England"]
[Date "2017.02.11"]
[Round "5.51"]
[White "Sadler, Matthew D"]
[Black "Speelman, Jonathan S"]
[Result "1-0"]
[WhiteElo "2670"]
[BlackElo "2526"]
[PlyCount "49"]
[EventDate "2016.11.19"]
[EventType "team-tourn"]
[EventRounds "7"]
[EventCountry "ENG"]
[SourceTitle "EXT 2018"]
[Source "ChessBase"]
[SourceDate "2017.10.13"]
[SourceVersion "1"]
[SourceVersionDate "2017.10.13"]
[SourceQuality "1"]
[WhiteTeam "Guildford"]
[BlackTeam "Wood Green"]
[WhiteTeamCountry "ENG"]
[BlackTeamCountry "ENG"]

1. e4 e6 2. d4 d5 3. Nc3 Bb4 4. e5 Qd7 5. a3 Bxc3+ 6. bxc3 b6 7. Qg4 f5 8. Qg3 Ba6 9. Bxa6 Nxa6 10. Ne2 0-0-0 11. a4 Kb7 12. 0-0 Nb8 13. a5 Nc6 14. axb6 axb6 15. c4 dxc4 16. Qa3 Nb8 17. Bg5 Re8 18. d5 Qxd5 19. Rfd1 Qe4 20. Nc3 Qc6 21. Qa8+ Kc8 22. Qxc6 Nxc6 23. Ra8+ Nb8 24. Nb5 Re7 25. Rxb8+ 1-0

[Event "BCF-chT1b 1617 (4NCL)"]
[Site "England"]
[Date "2016.11.20"]
[Round "2.51"]
[White "Lewis, Andrew P"]
[Black "Sadler, Matthew D"]
[Result "0-1"]
[WhiteElo "2301"]
[BlackElo "2670"]
[PlyCount "86"]
[EventDate "2016.11.19"]
[EventType "team-tourn"]
[EventRounds "7"]
[EventCountry "ENG"]
[SourceTitle "CBM 175 Extra"]
[Source "ChessBase"]
[SourceDate "2016.12.12"]
[SourceVersion "1"]
[SourceVersionDate "2016.12.12"]
[SourceQuality "1"]
[WhiteTeam "Anglian Avengers"]
[BlackTeam "Guildford"]
[WhiteTeamCountry "ENG"]
[BlackTeamCountry "ENG"]

1. c4 e5 2. Nc3 Bb4 3. Nd5 Bc5 4. e3 Nf6 5. d4 Nxd5 6. dxc5 Nf6 7. Nf3 Nc6 8. b4 Nxb4 9. Nxe5 Qe7 10. Bb2 Qxc5 11. Be2 0-0 12. 0-0 d6 13. Nf3 Ne4 14. Rb1 Na6 15. Qc2 Re8 16. Rfd1 c6 17. Rd4 Qf5 18. Ba1 Nac5 19. Qb2 f6 20. Rf1 Qg6 21. Nh4 Qh6 22. g3 Be6 23. Qc2 d5 24. Ng2 Rac8 25. f3 Nd6 26. cxd5 cxd5 27. Rh4 Qg6 28. Qd1 Qf7 29. Rb4 Bh3 30. Bd4 Nc4 31. Qc1 Ne6 32. Bxa7 b6 33. Rxc4 dxc4 34. Bxb6 Rc6 35. Ba5 Qa7 36. Bc3 Qxa2 37. Rf2 Qa6 38. Nh4 Nc5 39. Qd2 Nd3 40. g4 Rb6 41. Qc2 Reb8 42. Bd1 Rb1 43. Nf5 Rc1 0-1

[Event "BCF-chT1b 1617 (4NCL)"]
[Site "England"]
[Date "2016.11.19"]
[Round "1.51"]
[White "Sadler, Matthew D"]
[Black "Sanders, Isaac B"]
[Result "1-0"]
[WhiteElo "2670"]
[BlackElo "2342"]
[PlyCount "95"]
[EventDate "2016.11.19"]
[EventType "team-tourn"]
[EventRounds "7"]
[EventCountry "ENG"]
[SourceTitle "CBM 175 Extra"]
[Source "ChessBase"]
[SourceDate "2016.12.12"]
[SourceVersion "1"]
[SourceVersionDate "2016.12.12"]
[SourceQuality "1"]
[WhiteTeam "Guildford"]
[BlackTeam "Barbican II"]
[WhiteTeamCountry "ENG"]
[BlackTeamCountry "ENG"]

1. d4 f5 2. g3 Nf6 3. Bg2 g6 4. Nf3 Bg7 5. 0-0 0-0 6. c4 d6 7. Nc3 Qe8 8. b3 h6 9. Ba3 g5 10. e3 c6 11. Ne1 Qg6 12. Nd3 Ne4 13. Ne2 Na6 14. Rc1 Nc7 15. f3 Nf6 16. Qd2 a5 17. Bb2 Bd7 18. a4 b6 19. Nf2 Rad8 20. f4 c5 21. dxc5 dxc5 22. Qc2 Na6 23. Nc3 Nb4 24. Qe2 Bc6 25. Rcd1 Bxg2 26. Kxg2 e6 27. Nb5 Qf7 28. Be5 g4 29. Kg1 Qb7 30. Nd6 Qf3 31. Qxf3 gxf3 32. Nb7 Rxd1 33. Rxd1 Ng4 34. Nxg4 fxg4 35. Bxg7 Kxg7 36. Rd6 e5 37. Rxb6 exf4 38. gxf4 Rb8 39. Rb5 Nd3 40. Nd6 Rd8 41. Rb7+ Kf8 42. Nf7 Re8 43. Nxh6 Rxe3 44. Rb8+ Re8 45. Rxe8+ Kxe8 46. Nxg4 Nc1 47. Kf2 Nxb3 48. Nf6+ 1-0

[Event "Haarlem Nova College op 14th"]
[Site "Haarlem"]
[Date "2016.07.03"]
[Round "5"]
[White "Sadler, Matthew D"]
[Black "Jonkman, Harmen"]
[Result "1-0"]
[WhiteElo "2670"]
[BlackElo "2421"]
[PlyCount "61"]
[EventDate "2016.07.01"]
[EventType "swiss"]
[EventRounds "6"]
[EventCountry "NED"]
[SourceTitle "CBM 173 Extra"]
[Source "ChessBase"]
[SourceDate "2016.08.29"]
[SourceVersion "1"]
[SourceVersionDate "2016.08.29"]
[SourceQuality "1"]

1. Nf3 d5 2. c4 e6 3. b3 Nf6 4. Bb2 Nbd7 5. g3 a5 6. d3 a4 7. Nbd2 Bb4 8. a3 Bxd2+ 9. Nxd2 axb3 10. Bg2 Nc5 11. 0-0 dxc4 12. Nxc4 0-0 13. d4 Na4 14. Qxb3 Nxb2 15. Qxb2 Ra4 16. Rfc1 b6 17. Bc6 Ra7 18. a4 Bd7 19. Ne5 Be8 20. e3 Nd5 21. Bb5 f6 22. Nc6 Bxc6 23. Rxc6 e5 24. dxe5 Ne7 25. Bc4+ Kh8 26. exf6 Nf5 27. g4 Rxf6 28. Rxf6 gxf6 29. gxf5 Rxa4 30. Rxa4 Qd1+ 31. Bf1 1-0

[Event "Blackpool op 40th"]
[Site "Blackpool"]
[Date "2016.03.12"]
[Round "3"]
[White "Sadler, Matthew D"]
[Black "Merriman, John"]
[Result "1-0"]
[WhiteElo "2666"]
[BlackElo "2247"]
[PlyCount "67"]
[EventDate "2016.03.11"]
[EventType "swiss"]
[EventRounds "5"]
[EventCountry "ENG"]
[SourceTitle "CBM 171 Extra"]
[Source "ChessBase"]
[SourceDate "2016.04.26"]
[SourceVersion "1"]
[SourceVersionDate "2016.04.26"]
[SourceQuality "1"]

1. e4 e6 2. d3 d5 3. Nd2 Nf6 4. e5 Nfd7 5. f4 c5 6. Ndf3 Nc6 7. g3 Be7 8. Bg2 g5 9. Nxg5 Ndxe5 10. fxe5 Bxg5 11. Nf3 Be7 12. 0-0 h6 13. Bf4 Qb6 14. Qd2 Bf8 15. c3 Bd7 16. Kh1 0-0-0 17. Rab1 d4 18. Qe2 Be8 19. Nd2 Qa6 20. Nc4 Bd7 21. a4 Qxa4 22. Ra1 Qb5 23. Qc2 a5 24. Ra3 Kc7 25. Bd2 Be8 26. Rfa1 Ra8 27. Rb3 Qa6 28. Rb6 Qxb6 29. Nxb6 Kxb6 30. Qb3+ Kc7 31. cxd4 cxd4 32. Qb5 b6 33. Rf1 Be7 34. Rxf7 1-0

[Event "London Classic rapid op 7th"]
[Site "London"]
[Date "2015.12.13"]
[Round "8"]
[White "Hector, Jonny"]
[Black "Sadler, Matthew D"]
[Result "1-0"]
[WhiteElo "2489"]
[BlackElo "2659"]
[PlyCount "69"]
[EventDate "2015.12.12"]
[EventType "swiss (rapid)"]
[EventRounds "10"]
[EventCountry "ENG"]
[SourceTitle "CBM 169 Extra"]
[Source "ChessBase"]
[SourceDate "2015.12.18"]
[SourceVersion "1"]
[SourceVersionDate "2015.12.18"]
[SourceQuality "1"]

1. d4 Nf6 2. Nc3 d5 3. Bg5 Nbd7 4. Qd3 e6 5. e4 dxe4 6. Nxe4 Be7 7. Nxf6+ Bxf6 8. Bxf6 Qxf6 9. Nf3 0-0 10. Qe3 b6 11. Bb5 c5 12. 0-0-0 cxd4 13. Rxd4 Nc5 14. b4 Ba6 15. Bc6 e5 16. Nxe5 Ne6 17. Bxa8 Nxd4 18. Qxd4 Rxa8 19. Rd1 h6 20. f4 Rc8 21. g3 Bb5 22. Kb2 Ba4 23. Rd2 Qe6 24. c3 f6 25. Ng6 Kf7 26. Nh4 Rc4 27. Qd3 Bb5 28. Qg6+ Kf8 29. Nf5 Rc7 30. Qh7 Be8 31. Qh8+ Qg8 32. Qxg8+ Kxg8 33. Rd8 Kf7 34. Nd6+ Ke7 35. Nxe8 1-0

[Event "Haarlem Nova College op-A 13th"]
[Site "Haarlem"]
[Date "2015.06.28"]
[Round "6"]
[White "Van den Doel, Erik"]
[Black "Sadler, Matthew D"]
[Result "1/2-1/2"]
[WhiteElo "2564"]
[BlackElo "2659"]
[PlyCount "102"]
[EventDate "2015.06.26"]
[EventType "swiss"]
[EventRounds "6"]
[EventCountry "NED"]
[SourceTitle "CBM 167 Extra"]
[Source "ChessBase"]
[SourceDate "2015.09.14"]
[SourceVersion "1"]
[SourceVersionDate "2015.09.14"]
[SourceQuality "1"]

1. e4 e6 2. d4 d5 3. Nc3 Nf6 4. Bg5 Bb4 5. e5 h6 6. Bd2 Bxc3 7. bxc3 Ne4 8. Qg4 Kf8 9. Bd3 Nxd2 10. Kxd2 c5 11. Nf3 c4 12. Be2 Nc6 13. Rhb1 Rg8 14. h4 Ke8 15. Qf4 Qe7 16. a3 Kd8 17. g4 Kc7 18. h5 Bd7 19. g5 hxg5 20. Nxg5 Rh8 21. Rg1 Raf8 22. Nf3 Rfg8 23. Nh2 Kc8 24. Ng4 f5 25. Ne3 g5 26. hxg6 Rh4 27. Qf3 Rh6 28. g7 Rxg7 29. Rxg7 Qxg7 30. Ng2 Ne7 31. Nf4 Rh4 32. Rh1 Rxh1 33. Qxh1 Qg5 34. Ke3 Ng6 35. Qh2 Nxf4 36. Qxf4 Qg1 37. Kd2 Qa1 38. Qg5 Qxa3 39. Bh5 b5 40. Qg8+ Kc7 41. Be8 b4 42. Bxd7 bxc3+ 43. Ke2 Kxd7 44. Qb8 Qa6 45. Qf8 Kc7 46. Qe7+ Kb8 47. Ke3 Qb6 48. Qe8+ Kb7 49. Qd7+ Kb8 50. Qe8+ Kb7 51. Qd7+ Kb8 1/2-1/2

[Event "Haarlem Nova College op-A 13th"]
[Site "Haarlem"]
[Date "2015.06.27"]
[Round "3"]
[White "Sadler, Matthew D"]
[Black "Brink, Barry"]
[Result "1-0"]
[WhiteElo "2659"]
[BlackElo "2276"]
[PlyCount "69"]
[EventDate "2015.06.26"]
[EventType "swiss"]
[EventRounds "6"]
[EventCountry "NED"]
[SourceTitle "CBM 167 Extra"]
[Source "ChessBase"]
[SourceDate "2015.09.14"]
[SourceVersion "1"]
[SourceVersionDate "2015.09.14"]
[SourceQuality "1"]

1. Nf3 Nf6 2. c4 c5 3. g3 d5 4. Bg2 Nc6 5. cxd5 Nxd5 6. Nc3 Nc7 7. d3 e5 8. Nd2 Bd7 9. 0-0 Be7 10. f4 exf4 11. gxf4 0-0 12. f5 Nd4 13. e4 b5 14. Nf3 b4 15. Ne2 Nxe2+ 16. Qxe2 Bb5 17. Rd1 Re8 18. Be3 Rc8 19. Rac1 Na6 20. Qf2 Bf8 21. b3 f6 22. e5 fxe5 23. Ng5 Be7 24. Ne6 Qd7 25. Be4 Nc7 26. Nxc5 Bxc5 27. Rxc5 a6 28. Rdc1 Na8 29. Bd5+ Kh8 30. Be6 Rxc5 31. Bxd7 Rxc1+ 32. Bxc1 Bxd7 33. f6 Bc6 34. f7 Rf8 35. Qc5 1-0